000 00845nam a2200265 a 4500
008
020 _a0521453097 (cased))
049 _aMAIN
090 _aQA929
_bDEV
100 1 _aDeville, M.O.
245 1 0 _aHigh-order methods for incompressible fluid flow /
_cM.O. Deville, P. F. Fischer, E. H. Mund.
260 _aCambridge :
_bCambridge University Press,
_c2002.
300 _axxvii, 499 p. :
_bill. ;
_c24 cm.
440 0 _aCambridge monographs on applied and computational mathematics.
504 _aIncludes bibliographical references.
500 _aIncludes index.
650 0 _aFluid dynamics.
700 1 _aFischer, P.F.
700 1 _aMund, E.H.
907 _a.b10081677
_b18-09-12
_c11-07-03
003
005 20230123133329.0
040 _cNUST
942 _cBOOKS
_kQA929
_mDEV
999 _c146741
_d146741